| 000 | 00493nam a2200157 i 4500 | ||
|---|---|---|---|
| 001 | 85281 | ||
| 003 | ES-MaACL | ||
| 005 | 20230906175220.0 | ||
| 008 | 041126s1913 sp |||| | spa d | ||
| 100 | 1 |
_aJordán Franchy, Francisco ( _d1888-) _966909 |
|
| 245 | 1 | 0 |
_aTinerfe _b: (poesías) / _cFrancisco Jordán. |
| 260 |
_aSanta Cruz de Tenerife : _b[s.n., _c1913] ( _fImp. de Félix S. Molowny) |
||
| 300 |
_a32 p. ; _c20 cm. |
||
| 852 |
_aES-MaACL _j1498-F-14 |
||
| 852 |
_aES-MaACL _jT-1343-F-10 |
||
| 999 |
_c85281 _d85281 |
||